Giáo trình tin học đại cương Dùng trong các trường THCN
Cung cấp kiến thức đại cương về máy tính và tin học, hệ điều hành máy tính MS-DOS, kỹ thuật lập trình với ngôn ngữ Pascal
Wedi'i Gadw mewn:
| Prif Awdur: | |
|---|---|
| Awduron Eraill: | |
| Iaith: | Undetermined |
| Cyhoeddwyd: |
Hà Nội.
Nxb. Hà Nội
2005
|
| Pynciau: | |
| Tagiau: |
Ychwanegu Tag
Dim Tagiau, Byddwch y cyntaf i dagio'r cofnod hwn!
|
| Thư viện lưu trữ: | Trung tâm Học liệu Trường Đại học Trà Vinh |
|---|
| LEADER | 00936nam a2200265Ia 4500 | ||
|---|---|---|---|
| 001 | TVU_151 | ||
| 008 | 210423s9999 xx 000 0 und d | ||
| 041 | |a Vie | ||
| 082 | |a 4.07 | ||
| 082 | |b Ph506 | ||
| 100 | |a Nguyễn, Gia Phúc | ||
| 245 | 0 | |a Giáo trình tin học đại cương | |
| 245 | 0 | |b Dùng trong các trường THCN | |
| 245 | 0 | |c Nguyễn Gia Phúc (chủ biên) | |
| 260 | |a Hà Nội. | ||
| 260 | |b Nxb. Hà Nội | ||
| 260 | |c 2005 | ||
| 300 | |a 202 tr. | ||
| 300 | |b hình vẽ | ||
| 300 | |c 24 cm | ||
| 504 | |a Phụ lục: tr. 196,Thư mục: tr. 198 | ||
| 520 | |a Cung cấp kiến thức đại cương về máy tính và tin học, hệ điều hành máy tính MS-DOS, kỹ thuật lập trình với ngôn ngữ Pascal | ||
| 650 | |a Hệ điều hành; Lập trình; Hệ điều hành DOS; Ngôn ngữ Pascal | ||
| 700 | |a Nguyễn Gia Phúc | ||
| 980 | |a Trung tâm Học liệu Trường Đại học Trà Vinh | ||